00326nam a2200133Ia 4500003000400000005001700004008004100021040001800062041000800080100004300088110001700131245002400148260002000172OSt20230601144132.0211028s2013 xx 000 0 und d cAIMIT LIBRARY aeng aRajan, R Sapna; Kumar, Rakesh.e111930 aRakesh Kumar aPhoto tag designer. aMangalorec2013